000 00650nam a22002537a 4500
003 UA-OsUOA
001 23403
007 ta
008 20040121b un ||||| |||| 00| 0 ukr d
100 _aАтанов Г.А.
090 _a37.02
_bА92
942 _cBK
040 _aUA-OsUOA
_brus
_cUA-OsUOA
_dUA-OsUOA
245 _aВозрождение дидактики - залог развития высшей школы
300 _a180 с.
_bІлюстрації
955 _a0
041 _arus
080 _a37.02
020 _a966-8117-02-6
260 _aДонецк
_bДОУ
_c2003
044 _aRU
650 7 _2UDC
999 _c309650
_d309650